000 01328cam a2200361 i 4500
001 24887
003 Mx-PuUPA
005 20250826164026.0
008 140415s1995 sp gr 001 0 spa d
017 _aVA-633/95
020 _a8481640794
040 _aMx-PuUPA
_bspa
_cMx-PuUPA
_dMx-PuUPA
_erda
041 1 _aspa
_hfre
100 1 _aWeil, Simone,
_d1909-1943
_917241
_eautor
240 1 0 _aPensées sans ordre concernant l'amour de Dieu.
_lEspañol
245 1 0 _aPensamientos desordenados /
_cSimone Weil ; traducción de María Tabuyo y Agustín López
264 1 _aMadrid, España :
_bEditorial Trotta,
_c©1995
300 _a101 páginas ;
_c23 páginas
336 _2rdacontent
_atexto
_btxt
337 _2rdamedia
_asin medio
_bn
338 _2rdacarrier
_avolumen
_bnc
490 0 _aColección Estructuras y Procesos
490 0 _aReligión
600 0 4 _aDios (Cristianismo)
_xAdoración y amor
600 0 4 _aDios (Cristianismo)
_xAmor
700 1 _aTabuyo, María,
_etraductor
700 1 _aLópez, Agustín,
_etraductor
765 0 _aWeil, Simone
_tPensées sans ordre concernant l'amour de Dieu
_dÉditions Gallimard, 1962
942 _2ddc
_cLI
_h231.6
_iW4518
999 _c24887
_d24887